Aplikácia didaktických zásad vo výučbe politickej ekonómie na stredných školách Záverečná práca

Enregistré dans:
Détails bibliographiques
Auteur principal: Majcherová, Mária
Collectivité auteur: Vysoká škola ekonomická v Bratislave. Národohospodárska fakulta
Autres auteurs: Šlosár, Rudolf
Format: Livre
Langue:slovaque
Publié: Bratislava 1987
Tags: Ajouter un tag
Pas de tags, Soyez le premier à ajouter un tag!

MARC

LEADER 00000nam a2200000 4500
001 c037369
005 20230116094950.8
041 0 |a slo 
044 |a SK 
245 1 0 |a Aplikácia didaktických zásad vo výučbe politickej ekonómie na stredných školách  |b Záverečná práca  |c Mária Majcherová ; Ved. práce Rudolf Šlosár 
264 1 |a Bratislava  |c 1987 
300 |a 33 s. 
100 1 |a Majcherová, Mária 
700 1 |a Šlosár, Rudolf 
710 2 |a Vysoká škola ekonomická v Bratislave. Národohospodárska fakulta